[Event "3rd GRENKE Chess Open 2018"]
[Site "Karlsruhe"]
[Date "2018.03.30"]
[Round "2"]
[White "Bindrich, Falko"]
[Black "Hoeglauer, Patrick"]
[Result "1-0"]
[WhiteElo "2602"]
[BlackElo "2269"]
[Annotator "TA"]
[PlyCount "89"]
[EventDate "2018.??.??"]
[EventType "swiss"]
[EventCountry "GER"]
[SourceTitle "playchess.com"]
[Source "ChessBase"]
[SourceQuality "1"]

{[%evp 29,89,70,70,71,81,89,83,87,117,114,100,93,104,42,107,94,92,85,180,175,179,167,175,175,179,177,178,177,242,235,250,242,212,206,268,263,264,253,249,253,282,286,327,310,365,357,366,364,431,435,530,505,562,564,560,511,624,580,891,900,1116,1115]} 1. Nf3 Nf6 2. c4 e6 3. g3 d5 4. d4 Be7 5. Bg2 O-O 6. O-O dxc4 7. Ne5 Nc6 8. Nxc6 bxc6 9. Na3 Bxa3 10. bxa3 Ba6 11. Qd2 {E05: Open Catalan: 5 Nf3 Be7} c3 (11... Rb8 12. Qa5 Rb6 13. a4 Qd6 14. Rd1 Nd5 15. e4 Qb4 16. Qxb4 Nxb4 17. Bf4 Nd3 18. Bxc7 Rb2 {0-1 (59) Iturrizaga Bonelli,E (2650)-Dominguez Perez,L (2739) chess.com INT 2018}) 12. Qxc3 Bxe2 13. Re1 Bb5 14. a4 Bxa4 15. Qb4 Bb5 {LiveBook: 3 Games} 16. a4 $1 {[%cal Ra4b5]} Ba6 17. Ba3 {aiming for Qa5.} Re8 18. Bxc6 Rb8 $146 ({Predecessor:} 18... Nd7) 19. Qa5 Bb7 20. Bxe8 Nxe8 21. Qc5 ({Avoid the trap} 21. Qxa7 $2 Qd5 $3 $19 {[%mdl 512]}) (21. Rab1 $16) 21... Nf6 (21... Nd6 $14) 22. Rab1 $36 {[%mdl 2048] Strongly threatening Rec1. White is on the roll.} Be4 23. Rbc1 c6 (23... Rb7 $16) 24. Qxa7 $18 Ra8 25. Be7 Qe8 26. Qb7 {And now Bxf6 would win.} Rb8 {[#]} 27. Qc7 $1 {Bxf6 is the strong threat.} Nd5 28. Qe5 {Hoping for Bd6.} ({And not} 28. Qxc6 Qxc6 29. Rxc6 Nxe7 $15) 28... Bf3 (28... Bd3 {was worth a try.}) 29. Bc5 Ra8 30. Ra1 Qc8 31. a5 {Threatens to win with Ra3.} h5 32. h3 Nf6 33. Ra3 Bd5 34. Be7 Nd7 35. Qxh5 c5 36. dxc5 Bb7 37. Qe2 Qc6 {[%csl Gb7][%cal Rc6h1]} 38. f3 e5 39. Kh2 {White is clearly winning.} Re8 40. a6 Ba8 41. Bd6 e4 42. Re3 f5 43. Qc4+ Kh8 44. Qf7 Nf6 45. Bf8 {Precision: White = 88%, Black = 39%.} 1-0

[Event "3rd GRENKE Chess Open 2018"]
[Site "Karlsruhe"]
[Date "2018.03.30"]
[Round "2"]
[White "Bernadskiy, Vitaliy"]
[Black "Kappeler, Kaspar"]
[Result "1-0"]
[WhiteElo "2588"]
[BlackElo "2265"]
[Annotator "TA"]
[PlyCount "79"]
[EventDate "2018.??.??"]
[EventType "swiss"]
[EventCountry "GER"]
[SourceTitle "playchess.com"]
[Source "ChessBase"]
[SourceQuality "1"]

{[%evp 22,79,28,-53,27,0,45,50,111,121,145,145,154,159,147,143,152,145,157,68,53,51,59,52,51,52,70,21,21,0,47,6,6,6,51,0,5,0,40,0,6,0,0,0,129,135,177,167,923,910,699,10,893,10,29995,29996,29996,29997,29997,29998]} 1. Nf3 Nf6 2. g3 g6 3. b3 Bg7 4. Bb2 O-O 5. Bg2 d6 6. d4 c5 7. c4 Nc6 8. d5 {E60: King's Indian: Unusual lines and Fianchetto Variation without Nc3} Na5 9. O-O (9. Nfd2 a6 10. a4 e6 11. Na3 exd5 12. cxd5 Bd7 13. Ra2 b5 14. O-O bxa4 15. bxa4 Rb8 {1-0 (52) Jobava,B (2705)-Brunello,S (2555) Heraklio 2017}) 9... a6 10. Nbd2 b5 11. Qc2 Rb8 12. Rab1 {LiveBook: 3 Games} ({Better is} 12. e4 $11) 12... e5 (12... bxc4 $15 13. e4 cxb3 14. axb3 e6 15. dxe6 Bxe6) 13. dxe6 fxe6 14. Ng5 bxc4 $146 (14... Rb6 $14) ({Predecessor:} 14... Qe7 15. Nge4 Ne8 16. Bxg7 Qxg7 17. Qd3 Qd4 18. Qxd4 cxd4 19. cxb5 axb5 {1-0 (41) Lange,M-Boeller,G Gauting 1976}) 15. bxc4 $16 {[#] Threatens to win with Bxf6.} Rxb2 16. Rxb2 ({Stronger than} 16. Qxb2 Ne4 $17) 16... Ng4 17. Nge4 Bxb2 18. Qxb2 Ne5 19. Qc3 Bb7 20. Nxd6 (20. Rd1 $16) 20... Qxd6 $14 21. Qxa5 Bxg2 22. Kxg2 Nxc4 $1 23. Nxc4 Qd5+ 24. Kg1 Qxc4 $11 {[%mdl 4096] Endgame KQR-KQR} 25. e3 Rf5 26. Qd2 Rd5 27. Qb2 Qa4 28. Qf6 (28. Qb8+ $14 Kf7 29. Qa7+ Kf6 30. Qxh7) 28... Qd7 29. Qc3 Qa4 30. Qf6 Qd7 31. Qf3 c4 32. Rc1 $36 {[%mdl 2048] Black is under pressure.} Qa4 (32... Qc8 $11) 33. Qg4 $16 Kg7 34. Rxc4 Qxa2 $2 (34... Qd1+ 35. Qxd1 Rxd1+ 36. Kg2 Rd2) 35. Rc7+ $18 Kh8 36. e4 $2 ({White has to play} 36. Qb4 $18 {[%cal Rb4f8]} Qa1+ 37. Kg2) 36... Rd4 $2 {[%mdl 8192] [#]} (36... Qb1+ $11 37. Kg2 Rd4) 37. Rb7 $2 ({White must play} 37. Qf4 $1 $18 {[%cal Rf4f8]} Qb1+ 38. Rc1 Qxc1+ 39. Qxc1) 37... Qc4 $2 {[%mdl 8192]} (37... Qa1+ $11 38. Kg2 Qe1) 38. Qf3 {[%cal Rf3f8] White mates.} Qc1+ 39. Kg2 {[%cal Rf3f8]} Qh6 40. Rb8+ {Precision: White = 28%, Black = 17%.} 1-0

[Event "3rd GRENKE Chess Open 2018"]
[Site "Karlsruhe"]
[Date "2018.03.30"]
[Round "2"]
[White "Lagarde, Maxime"]
[Black "Schmitz, Thorsten"]
[Result "1-0"]
[WhiteElo "2587"]
[BlackElo "2263"]
[Annotator "TA"]
[PlyCount "89"]
[EventDate "2018.??.??"]
[EventType "swiss"]
[EventCountry "GER"]
[SourceTitle "playchess.com"]
[Source "ChessBase"]
[SourceQuality "1"]

{[%evp 9,89,0,0,-32,-16,-39,-31,-26,1,-56,-47,-53,-51,-55,-62,-62,-62,-118,-63,-72,-81,-72,-75,-88,-66,-99,-72,-95,-91,-92,-101,-100,-61,-95,-59,-72,-68,-56,-47,-68,-63,-50,-11,-74,-73,-95,-100,-103,-98,-128,-67,-72,-68,-125,-65,-71,-68,-81,-79,-94,-85,-101,-95,-113,576,575,551,543,848,791,1436,1421,29987,29988,29985,29985,29985,29986,29987,29979,29993,29994]} 1. e4 e5 2. Bc4 Nf6 3. d3 Be7 4. Nc3 c6 5. Bb3 O-O {LiveBook: 8 Games} 6. Qf3 {C24: Bishop's Opening: 2...Nf6} Na6 7. a3 Nc5 8. Ba2 $1 {Black is slightly better.} d5 $146 ({Find the theoretical novelty and annotate with similar games:} 8... d6 9. h3 Be6 10. Nge2 Bxa2 11. Rxa2 d5 12. O-O {½-½ (53) Vukelic,T (2226)-Jovanic,O (2490) Mali Losinj 2017}) 9. h3 (9. exd5 $11 cxd5 10. Nxd5) 9... Be6 $15 10. Nge2 dxe4 11. dxe4 Bxa2 12. Rxa2 Ne6 13. g4 (13. O-O $15) 13... Nd4 (13... Bc5 $17 14. O-O Qe7) 14. Nxd4 exd4 15. Ne2 Re8 16. O-O Qb6 17. Ng3 Bf8 18. Kh1 c5 19. b3 Qc6 20. Re1 Re6 21. c3 dxc3 22. g5 c4 23. bxc4 Qxc4 24. Rc2 Nd7 25. Rxc3 Qa6 26. Nh5 (26. Bf4 $11 {keeps the balance.}) 26... Ne5 27. Qg3 Rd8 28. Nf4 Rc6 $1 29. Rce3 Nc4 (29... Bd6 $17 30. Bd2 Bc5) 30. R3e2 Bd6 ({Much worse is} 30... Bxa3 $6 31. Ra2 $14) 31. Qh4 ({White should play} 31. Kg2 $15) 31... Bxf4 ({Black should try} 31... Re8 $1 $17 32. Qg3 Nxa3) 32. g6 {[%cal Rh4d8] [#]} Rf6 $1 ({But not} 32... Bc7 $2 33. Qxh7+ Kf8 34. Bg5 $16) 33. gxf7+ Kxf7 34. Bxf4 {Hoping for e5.} Qxa3 {aiming for ...Qf3+.} 35. Bg3 {Threatens to win with e5.} Qf3+ 36. Kh2 {[#]} Rd2 $2 {[%mdl 8192]} (36... Nd2 $1 $17 {...Qxe2! is the strong threat.} 37. Re3 Rd3 38. Rxd3 Qxd3 39. Qh5+ Kg8) 37. e5 $18 Rxe2 38. Qxc4+ Re6 39. Rxe2 a6 40. Rd2 {Threatening mate with Rd7+.} Qf5 41. Rd7+ {White mates.} Kg6 42. Rxb7 h5 43. Qc7 {[%csl Gb7][%cal Rc7g7]} Qf8 44. Qd7 Re8 45. Qd3+ {Precision: White = 60%, Black = 44%.} 1-0

[Event "3rd GRENKE Chess Open 2018"]
[Site "Karlsruhe"]
[Date "2018.03.30"]
[Round "2"]
[White "Moussard, Jules"]
[Black "Commercon, Simon"]
[Result "1/2-1/2"]
[WhiteElo "2576"]
[BlackElo "2263"]
[Annotator "TA"]
[PlyCount "118"]
[EventDate "2018.??.??"]
[EventType "swiss"]
[EventCountry "GER"]
[SourceTitle "playchess.com"]
[Source "ChessBase"]
[SourceQuality "1"]

{[%evp 16,118,37,54,62,62,79,26,49,47,18,18,34,27,43,38,45,56,48,43,67,46,71,64,63,61,71,76,81,58,77,48,63,76,68,16,23,0,0,0,0,4,15,0,0,0,0,0,17,23,44,0,6,0,0,0,0,0,0,0,8,0,0,0,0,0,0,0,0,0,0,0,0,0,0,0,0,0,0,0,0,-27,-27,-27,-27,-43,0,0,0,0,0,0,0,0,0,0,0,0,0,0,0,0,0,0,0]} 1. c4 Nf6 2. Nf3 e6 3. g3 d5 4. Bg2 dxc4 5. Qa4+ Nbd7 6. Qxc4 c5 7. O-O a6 8. Qc2 Be7 9. d4 {LiveBook: 28 Games} cxd4 {E03: Open Catalan: 5 Qa4+ Nbd7 6 Qxc4} (9... O-O 10. Rd1 Qb6 11. Nc3 cxd4 12. Rxd4 Qc7 13. Be3 Nd5 14. Ng5 N7f6 15. Nxd5 {1-0 (15) Ni,H (2662)-Adly,A (2631) Shenzhen 2011}) 10. Nxd4 O-O 11. Nd2 (11. Nc3 $16) 11... Nc5 $146 {White has an edge.} ({Find the theoretical novelty and annotate with similar games:} 11... Bc5 12. N2b3 Bb6 13. Bd2 Re8 14. Rad1 {1-0 (35) Eliskases,E-Golombek,H Saltsjobaden 1952}) 12. N2b3 Nxb3 13. Nxb3 Nd5 {[%cal Bf6d5,Bd5b4,Bb4c6,Bc6e5,Be5g4][%mdl 32]} 14. Rd1 Qb6 15. e4 Nb4 16. Qc3 Nc6 17. Be3 Qb4 18. Qxb4 Bxb4 19. Nd4 {Hoping for Nxc6.} Ne5 20. Rac1 Ng4 21. Bd2 Bxd2 22. Rxd2 e5 23. Nf3 Re8 24. Rc7 h6 25. Nh4 (25. Rdc2 $14) 25... b5 26. Rd6 Nf6 27. Nf5 Bxf5 28. exf5 e4 29. h3 Re5 {[#] And now ...Ne8 would win.} 30. Rcc6 Rxf5 31. Rxa6 Rxa6 (31... Rc8 {NOTEXT} 32. Rdc6 Rd8 33. Rc2 h5 34. Ra7 g6) 32. Rxa6 {[%mdl 4096] Endgame KRB-KRN} Rd5 33. Ra8+ Kh7 34. Bf1 Rd1 35. Ra3 Nd5 36. Rb3 b4 37. Kg2 Rd4 38. Ba6 f5 39. Bb7 Nf6 40. Bc6 g5 41. a4 bxa3 $1 42. bxa3 Rd2 43. Kf1 Kg6 44. a4 Ra2 45. Rb6 Kg7 46. Rb4 h5 47. Rc4 Kg6 48. Ke1 h4 49. gxh4 gxh4 {Strongly threatening ...Ra3.} 50. f3 Ra3 {...Re3+ is the strong threat.} (50... exf3 {NOTEXT} 51. Rf4 Rc2 52. Bb7 Re2+ 53. Kf1 Rb2) 51. fxe4 {The position is equal.} fxe4 52. Bxe4+ Nxe4 53. Rxe4 Rxh3 {KR-KR} 54. Kf2 Kg5 55. Re3 Rh2+ 56. Kg1 Ra2 57. Re4 Kh5 58. Kh1 Kg5 59. Kg1 Kh5 {Precision: White = 67%, Black = 80%.} 1/2-1/2

[Event "3rd GRENKE Chess Open 2018"]
[Site "Karlsruhe"]
[Date "2018.03.30"]
[Round "2"]
[White "Heimann, Andreas"]
[Black "Alonso Garcia, Aaron"]
[Result "1-0"]
[WhiteElo "2574"]
[BlackElo "2262"]
[Annotator "TA"]
[PlyCount "109"]
[EventDate "2018.??.??"]
[EventType "swiss"]
[EventCountry "GER"]
[SourceTitle "playchess.com"]
[Source "ChessBase"]
[SourceQuality "1"]

{[%evp 15,109,57,90,50,54,33,40,41,79,39,55,41,87,63,68,48,54,27,35,22,29,27,42,32,58,52,65,37,53,52,73,46,101,51,57,54,59,45,69,35,50,57,104,97,185,104,150,147,147,141,183,174,276,258,267,275,281,270,266,249,309,280,286,277,275,275,307,293,331,321,297,293,485,485,609,566,564,552,557,548,543,548,664,674,658,622,750,731,839,824,785,734,12841,12841,29981,29982]} 1. e4 g6 2. d4 Bg7 3. c4 d6 4. Nc3 Nf6 5. Be2 c5 6. Nf3 Bg4 7. d5 O-O 8. O-O Na6 {LiveBook: 63 Games} 9. Ng5 {E91: King's Indian: Classical: 6 Be2, unusual replies including 6...c5 and 6...Bg4} (9. Be3 Bxf3 10. Bxf3 Nd7 11. Qd2 Nc7 12. Be2 a6 13. a4 Rb8 14. Rad1 Na8 15. Qc2 Qa5 16. Ra1 Rfe8 {1-0 (46) Wojtaszek,R (2715)-Lenic,L (2659) Dubai 2014}) 9... Bxe2 10. Qxe2 h6 11. Nf3 {[%cal Bg5f3,Bf3e1,Be1d3][%mdl 32] White is slightly better.} Nc7 12. Bf4 $146 ({Predecessor:} 12. Rd1 Nd7 13. Bf4 e5 14. dxe6 Nxe6 15. Bxd6 Re8 16. Nd5 Rc8 {1-0 (44) Stein,L-Velimirovic,D Ohrid 1972}) 12... Nh5 13. Bd2 e5 14. Ne1 Qd7 15. Nd3 b5 16. cxb5 (16. b3 {is interesting.} Rae8 17. Rae1 a6 18. g3 Nf6 19. Qd1) 16... Nxb5 17. Nxb5 Qxb5 18. Rab1 Rab8 19. b3 Nf6 20. Rfc1 Nd7 21. f3 Qa6 22. Rc2 Rfc8 23. Rbc1 Nb6 (23... f5 $14) 24. Be3 Kh7 25. Kf1 Qb5 26. Nb2 Qd7 $1 27. Bd2 f5 28. Kg1 f4 29. Qa6 Bf6 (29... g5 $16) 30. a4 (30. b4 $1 $18) 30... Qb7 31. Qxb7+ Rxb7 {[#]} 32. b4 $1 Nd7 {[#]} 33. Nc4 $1 {[%cal Rc4d6]} cxb4 (33... Be7 $142 34. Na5 Rb6) 34. Nxd6 $18 Rxc2 35. Rxc2 b3 36. Nxb7 bxc2 {[%mdl 4096] Endgame KBN-KBN} 37. Kf1 Nb6 38. Ke2 Nxa4 39. Kd3 Kg7 40. Kxc2 Kf7 41. Nd6+ Kf8 42. Nb5 Nb6 43. Nxa7 Be7 $2 (43... Nc4 {keeps fighting.} 44. Bc1 Ke7) 44. Kb3 Bd6 45. Ba5 Nd7 46. Kc4 Ke8 47. Kb5 Bc5 48. Nc6 Bf8 49. Bc7 Bg7 50. Na5 g5 51. Nc4 Ke7 52. Kc6 h5 53. Nb6 Nxb6 54. Bxb6 h4 55. h3 {Precision: White = 70%, Black = 28%.} 1-0

[Event "3rd GRENKE Chess Open 2018"]
[Site "Karlsruhe"]
[Date "2018.03.30"]
[Round "2"]
[White "Grigoriants, Sergey"]
[Black "Linster, Philippe"]
[Result "1/2-1/2"]
[WhiteElo "2568"]
[BlackElo "2258"]
[Annotator "TA"]
[PlyCount "65"]
[EventDate "2018.??.??"]
[EventType "swiss"]
[EventCountry "GER"]
[SourceTitle "playchess.com"]
[Source "ChessBase"]
[SourceQuality "1"]

{[%evp 39,65,12,13,12,20,15,20,18,195,182,177,158,161,164,164,172,170,46,162,151,152,129,139,145,129,89,97,27]} 1. e4 e5 2. Nf3 Nc6 3. Bb5 {[%cal Bf1b5,Bb5a4,Ba4b3][%mdl 32]} a6 4. Ba4 Nf6 5. O-O Be7 6. Re1 b5 7. Bb3 d6 8. c3 O-O 9. h3 Nb8 10. d4 Nbd7 11. Nbd2 Bb7 12. Bc2 Re8 13. Nf1 Bf8 14. Ng3 g6 15. a4 c5 16. d5 c4 17. Bg5 Be7 {C95: Closed Ruy Lopez: Breyer Variation with 10 d4} (17... h6 18. Be3 Nc5 19. Qd2 h5 20. Bg5 Be7 21. Ra3 Nfd7 22. Bh6 Bf8 23. Bg5 Be7 24. Bh6 Bf8 25. Bg5 Be7 26. Bxe7 Qxe7 27. Rea1 Qf6 28. axb5 axb5 29. Rxa8 Rxa8 30. Rxa8+ Bxa8 31. Nf1 {½-½ (31) Zherebukh,Y (2621)-Swiercz,D (2638) Saint Louis 2017}) 18. Qd2 Nc5 19. Be3 Qc7 20. Nh2 h5 {LiveBook: 3 Games. White should prevent ...h4.} 21. Nf3 Nfd7 22. Ng5 Bf6 $146 ({Predecessor:} 22... Nxa4 23. Bxa4 bxa4 24. Rxa4 a5 25. Qd1 {Perry,D (2502)-Pugh,J (2473) ICCF email 2016}) 23. Qe2 bxa4 $2 {[#]} (23... Qd8 $11 {and Black stays safe.} 24. h4 Qe7) 24. Nxh5 $1 $18 {[%mdl 512]} gxh5 25. Qxh5 Nf8 26. Bxc5 $1 dxc5 27. d6 $1 {[%cal Rd6c7]} ({Much weaker is} 27. Bxa4 $6 Red8 $11) 27... Qxd6 {Threatens to win with ...Qe7.} 28. Qxf7+ Kh8 29. Qxe8 $1 Bxg5 30. Qf7 Qe7 {[#]} 31. Qxe7 $1 Bxe7 32. Rxa4 Ne6 {[#]} 33. g3 {Precision: White = 84%, Black = 72%.} ({But not} 33. Rxc4 Bc6 $11) (33. Rd1 $1 $16 {[%cal Rd1d7]} Bc6 34. Raa1 (34. Rxc4 Rb8 $15)) 1/2-1/2

[Event "3rd GRENKE Chess Open 2018"]
[Site "Karlsruhe"]
[Date "2018.03.30"]
[Round "2"]
[White "Mikhalevski, Victor"]
[Black "Niegsch, Nicolas"]
[Result "1-0"]
[WhiteElo "2557"]
[BlackElo "2257"]
[Annotator "TA"]
[PlyCount "73"]
[EventDate "2018.??.??"]
[EventType "swiss"]
[EventCountry "GER"]
[SourceTitle "playchess.com"]
[Source "ChessBase"]
[SourceQuality "1"]

{[%evp 9,73,0,28,30,35,5,43,5,22,11,29,21,27,0,0,0,55,54,59,33,56,0,92,89,104,107,122,-41,21,15,211,240,237,234,314,326,314,315,385,373,380,373,375,384,457,445,445,422,397,393,468,461,996,704,802,778,770,769,739,715,2123,2140,29982,29977,29977,29978]} 1. d4 {[%cal Bd2d4,Bd4d5][%mdl 32]} e6 2. c4 f5 3. d5 (3. g3 Nf6 4. Bg2 d5 5. Nh3 Bd6 6. O-O O-O 7. Bf4 Be7 8. Nd2 Nc6 9. Nf3 dxc4 10. Rc1 Ne4 11. Be3 Nb4 12. Rxc4 b5 13. Rxb4 Bxb4 {½-½ (53) Korobov,A (2652)-Grischuk,A (2772) Huaian 2017}) 3... Nf6 4. Nc3 Bc5 $146 ({Predecessor:} 4... Bb4 5. g3 O-O 6. Bg2 Na6 7. Nf3 Ne4 8. Qc2 Qf6 9. Bd2 Nxd2 10. Nxd2 Bxc3 11. bxc3 e5 {½-½ (27) Battaglini,G (2451)-Picard,R (2368) Montpellier 2015}) 5. dxe6 d6 6. Nh3 {A84: Dutch Defence: 2 c4 Miscellaneous} Bxe6 7. Nf4 Bf7 8. g3 {White is slightly better.} c6 9. b3 Ng4 10. e3 O-O 11. Bg2 Qf6 12. Bb2 Qh6 (12... Ba3 $11 13. Qc2 (13. Bxa3 Qxc3+ 14. Kf1 Bxc4+ 15. Kg1 Nxe3 $15) 13... Bxb2 14. Qxb2 Nd7) 13. h3 Ne5 14. Nce2 Na6 15. Nd4 ({Better is} 15. h4 $14) 15... Bb4+ (15... g5 $1 $11 {keeps the balance.} 16. Nd3 Bg6) 16. Kf1 $16 g5 17. Nfe2 $36 {[%mdl 2048] Black is under strong pressure.} Bh5 18. f4 $2 {[#]} (18. h4 $16) 18... Nc5 (18... gxf4 $15 19. gxf4 (19. exf4 Bc5 $14) 19... Bc5) 19. a3 (19. fxe5 dxe5 20. h4 Ne4) 19... Ned3 $2 (19... Ba5 $1 $11) 20. axb4 $18 Nxb2 {[#]} 21. Qd2 $1 Ncd3 22. Nc1 Nxb4 23. Qxb2 ({Less strong is} 23. Qxb4 Nd1 $16) 23... Rae8 24. Qd2 c5 25. Nb5 a6 26. Nc7 Qg7 27. Nxe8 Qxa1 28. Nc7 gxf4 29. gxf4 Rf7 30. Bd5 Nd3 (30... Nxd5 $142 31. Nxd5 Bf3) 31. Qxd3 Qxc1+ 32. Kf2 {[%cal Bf1f2,Bf2g3,Bg3h4][%mdl 32]} Qb2+ 33. Kg3 Qg7+ 34. Kh4 Kh8 35. Ne8 Qh6 36. Qc3+ Kg8 37. Nf6+ {Precision: White = 55%, Black = 25%.} 1-0

[Event "3rd GRENKE Chess Open 2018"]
[Site "Karlsruhe"]
[Date "2018.03.30"]
[Round "2"]
[White "Santos Latasa, Jaime"]
[Black "Leeb, Simon"]
[Result "1-0"]
[WhiteElo "2549"]
[BlackElo "2255"]
[Annotator "TA RC"]
[PlyCount "149"]
[EventDate "2018.??.??"]
[EventType "swiss"]
[EventCountry "GER"]
[SourceTitle "playchess.com"]
[Source "ChessBase"]
[SourceQuality "1"]

{[%evp 9,149,25,39,16,16,16,22,16,16,16,22,17,43,12,23,17,29,8,14,0,13,0,33,13,39,19,35,27,28,10,10,8,27,21,28,23,14,24,16,1,16,0,0,-2,0,-34,-35,-26,-8,-30,-30,-16,59,-51,-8,-20,4,-10,-10,-23,0,0,70,39,139,139,139,84,166,104,95,58,387,371,408,402,426,423,392,405,471,29,28,25,25,0,0,0,0,0,0,0,0,0,0,0,0,0,0,0,0,-175,0,0,0,0,0,0,0,0,0,0,0,0,0,0,399,372,569,568,438,21,392,359,1326,1008,1008,528,487,387,4134,2158,29973,2805,29973,29975,29974,29975,29974,29975,29937,11364]} 1. c4 c6 2. Nf3 d5 3. e3 Nf6 4. Nc3 Bf5 5. cxd5 Nxd5 {LiveBook: 27 Games} 6. Nxd5 {A11: English Opening: 1...c6} Qxd5 7. d3 Bg4 8. Be2 $146 {The position is equal.} ({Predecessor:} 8. h3 Bxf3 9. Qxf3 Qxf3 10. gxf3 e5 11. Bd2 Na6 12. a3 Nc5 13. Bc3 Nb3 {½-½ (55) Harika,D (2504)-Huang,Q (2450) China 2017}) 8... e5 9. O-O Nd7 10. h3 Bh5 11. Qc2 Be7 12. Rd1 Qc5 13. Qb3 Qb6 14. Qa4 Qb4 15. Qc2 Qc5 16. Qb1 Rd8 17. Bd2 O-O 18. b4 Qd6 19. Bc3 Bf6 20. a4 Nb6 21. e4 Nd7 22. Qb2 Bxf3 23. Bxf3 Rfe8 24. b5 c5 25. Bd2 Nf8 26. Be3 Ne6 27. Rd2 Bg5 28. Rdd1 h6 29. Rac1 Nd4 30. Bg4 Qb6 (30... b6 $11) 31. Qa3 (31. Bxg5 $14 hxg5 32. Qa3) 31... Be7 32. Qa2 Bf8 33. Rb1 Qg6 34. Rdc1 Kh8 35. a5 Be7 (35... b6 $1 $11) 36. Rc4 Ne6 (36... b6 $14) 37. b6 $16 a6 38. Qc2 (38. Bxe6 $142 Qxe6 39. Qc2) 38... Nf4 {[#]} (38... Nd4 $16 39. Bxd4 exd4) 39. g3 (39. Bxf4 $1 $18 exf4 40. Bf3) 39... Nxd3 40. Qc3 {aiming for Rd1.} Bf8 $2 {[%mdl 8192]} ({Better is} 40... h5 $14 41. Bf5 Qc6) 41. Rd1 $18 Nb4 42. Rxd8 Rxd8 43. Bxc5 Bxc5 44. Rxc5 Nc6 {[#]} 45. Rd5 $2 ({Only move:} 45. Rxc6 $1 $18 {[%mdl 512]} Qxc6 (45... bxc6 46. Qxe5) 46. Qxc6 bxc6 47. Be2) 45... Qxe4 $11 46. Rxd8+ Nxd8 47. Qc8 Qd5 48. Bd7 Qd1+ 49. Kh2 Qf3 50. Qc5 Kg8 51. Bg4 Qf6 52. Kg1 g6 53. Bc8 e4 54. h4 h5 55. Bh3 $2 (55. Qc7 $11) 55... Qc6 $2 (55... Qa1+ $19 56. Kg2 Qa2) 56. Qe7 Qd5 57. Bd7 $36 {[%mdl 2048] White is more active.} Ne6 58. Bxe6 $1 fxe6 {[%mdl 4096] Endgame KQ-KQ} 59. Qf6 Kh7 60. Qf7+ Kh6 61. Qg8 {[%cal Rg8h8]} Qe5 62. Qf8+ Qg7 $2 {[%mdl 8192]} (62... Kh7 $11 {and Black stays safe.}) 63. Qf4+ $18 Kh7 (63... g5 $142 64. Qxe4 gxh4) 64. Qxe4 Qd7 65. Qe5 $2 ({White should play} 65. Qf4 $18 {Black must now prevent Qc7.} Kg8 66. Qf6) 65... Kg8 $2 {[%mdl 8192]} (65... Qd5 $1 $11 66. Qc7+ Kg8) 66. Qf6 Qf7 $2 (66... Qd5 67. Qxg6+ Kf8 68. Qf6+ Ke8) 67. Qd8+ Kg7 68. Kg2 e5 69. Qd6 Kg8 $2 (69... e4 70. Qd4+ Kh7 71. Qxe4 Kg8) 70. Qxe5 Kf8 71. Qd6+ (71. Qb8+ $142 Kg7 72. Qd8 Qe6 73. Qc7+ Qf7 74. Qxf7+ Kxf7 75. Kf3 Ke7 76. g4) 71... Kg7 72. Qc7 {White mates.} Kf6 73. Qxf7+ Kxf7 74. Kf3 Ke6 75. Ke4 {Precision: White = 51%, Black = 40%.} 1-0